| 000 | 00451nam a2200181 4500 | ||
|---|---|---|---|
| 003 | SEACOMMC | ||
| 005 | 20231018054137.0 | ||
| 008 | 231018b |||||||| |||| 00| 0 eng d | ||
| 020 | _cRs. 199.00 | ||
| 040 | _aSEACOMMC | ||
| 082 |
_a518.6 _bBAL |
||
| 100 | 1 | _aBalagurusamy, E. | |
| 245 | 1 |
_aNumerical methods _cE. Balagurusamy |
|
| 260 |
_aNew Delhi _bTata McGraw-Hill _c2004 |
||
| 650 | _aMathematics | ||
| 650 | _aNumerical analysis | ||
| 942 | _cBOOK | ||
| 999 |
_c231 _d231 |
||